000 00832nam a22001937a 4500
005 20241104154128.0
008 240603b ||||| |||| 00| 0 eng d
040 _cSSBUL
041 _aMyanmar
082 _223
_a၂၉၄.၃၄၄၃၅ ပ
_b၁၃၁၅၈ S-SAT
100 0 _aပဂျီငို၊ ဦး။
245 1 0 _aဂမ္ဘီရဝိပဿနာရှုဘွယ်ကျမ်း၊ (တတိယတွဲ) /
_cဦးပဂျီငို။
250 _aဒုတိယအကြိမ်။
260 _aရန်ကုန် ၊
_bမဟာဝိဇ္ဇာစာပုံနှိပ်တိုက်၊
_c၁၉၆၈။
300 _a၅၆၀ စာမျက်နှာ ၊
_c၁၉ စင်တီ။
500 _aS-SAT: Dr. Sai Aung Tun
650 _aဝိပဿနာ
942 _2ddc
_cBK1
999 _c41005
_d41005